00645nam a2200169Ia 4500008004000000020001800040082001800058100002700076245005900103260006100162300000800223650002900231690001800260906001200278999001900290952016600309210210b1993 xxu||||| |||| 00| 0 eng d a81 7236 059 2 a620.8072 INDR aINDIA (Government of). aResearch profile of biotechnology activities in India. aNew Delhi.bPublications & Information Directoratec1993 a401 aResearch Biotechnology  aBiotechnology aSG03942 c114538d114538 001040708EngineeringaALbALcEngineeringd2021-02-17eAthree Book Centre, Mangalore-01.g0.00l0o620.8072 INDRpSG03942r2021-02-17 00:00:00w2021-02-17ySG